<?xml version="1.0" encoding="UTF-8"?>
<record
    xmlns:xsi="http://www.w3.org/2001/XMLSchema-instance"
    xsi:schemaLocation="http://www.loc.gov/MARC21/slim http://www.loc.gov/standards/marcxml/schema/MARC21slim.xsd"
    xmlns="http://www.loc.gov/MARC21/slim">

  <leader>01267nam a22003977a 4500</leader>
  <controlfield tag="005">20260508063857.0</controlfield>
  <controlfield tag="008">111027t1995    ag a   | |||| 00| 0 s   d</controlfield>
  <datafield tag="020" ind1=" " ind2=" ">
    <subfield code="a">9789502305493</subfield>
  </datafield>
  <datafield tag="040" ind1=" " ind2=" ">
    <subfield code="a">AR-MoUNM</subfield>
  </datafield>
  <datafield tag="082" ind1=" " ind2=" ">
    <subfield code="2">20</subfield>
    <subfield code="a">540</subfield>
    <subfield code="b">TEM 278</subfield>
  </datafield>
  <datafield tag="245" ind1="0" ind2="0">
    <subfield code="a">Temas de qu&#xED;mica general /</subfield>
    <subfield code="c">Mar&#xED;a del Carmen Angelini ... et al.</subfield>
  </datafield>
  <datafield tag="250" ind1=" " ind2=" ">
    <subfield code="a">2a ed., amp.</subfield>
  </datafield>
  <datafield tag="260" ind1=" " ind2=" ">
    <subfield code="a">Buenos Aires :</subfield>
    <subfield code="b">Eudeba,</subfield>
    <subfield code="c">1995.</subfield>
  </datafield>
  <datafield tag="300" ind1=" " ind2=" ">
    <subfield code="a">621 p. :</subfield>
    <subfield code="b">il. ;</subfield>
    <subfield code="c">22 cm.</subfield>
  </datafield>
  <datafield tag="490" ind1="0" ind2=" ">
    <subfield code="a">(Manuales)</subfield>
  </datafield>
  <datafield tag="500" ind1=" " ind2=" ">
    <subfield code="a">Incluye &#xED;ndice.</subfield>
  </datafield>
  <datafield tag="650" ind1=" " ind2="7">
    <subfield code="a">QUIMICA</subfield>
    <subfield code="2">unescot</subfield>
    <subfield code="9">377</subfield>
  </datafield>
  <datafield tag="650" ind1=" " ind2="7">
    <subfield code="2">unescot</subfield>
    <subfield code="a">PROPIEDAD QUIMICA</subfield>
    <subfield code="9">853</subfield>
  </datafield>
  <datafield tag="650" ind1=" " ind2="7">
    <subfield code="2">unescot</subfield>
    <subfield code="a">CINETICA QUIMICA</subfield>
    <subfield code="9">383</subfield>
  </datafield>
  <datafield tag="650" ind1=" " ind2="7">
    <subfield code="2">unescot</subfield>
    <subfield code="a">ESTRUCTURA ATOMICA</subfield>
    <subfield code="9">869</subfield>
  </datafield>
  <datafield tag="650" ind1=" " ind2="7">
    <subfield code="2">unescot</subfield>
    <subfield code="a">ELECTROQUIMICA</subfield>
    <subfield code="9">380</subfield>
  </datafield>
  <datafield tag="650" ind1=" " ind2="7">
    <subfield code="2">unescot</subfield>
    <subfield code="a">ESTRUCTURA MOLECULAR</subfield>
    <subfield code="9">870</subfield>
  </datafield>
  <datafield tag="650" ind1=" " ind2="7">
    <subfield code="2">unescot</subfield>
    <subfield code="a">EFECTOS QUIMICOS</subfield>
    <subfield code="9">385</subfield>
  </datafield>
  <datafield tag="650" ind1=" " ind2="7">
    <subfield code="2">unescot</subfield>
    <subfield code="a">ELEMENTO QUIMICO</subfield>
    <subfield code="9">871</subfield>
  </datafield>
  <datafield tag="700" ind1="1" ind2=" ">
    <subfield code="a">Angelini, Mar&#xED;a del Carmen</subfield>
    <subfield code="9">854</subfield>
  </datafield>
  <datafield tag="700" ind1="1" ind2=" ">
    <subfield code="a">Bulwik, M.</subfield>
    <subfield code="9">855</subfield>
  </datafield>
  <datafield tag="700" ind1="1" ind2=" ">
    <subfield code="a">Lastres Flores, L.</subfield>
    <subfield code="9">856</subfield>
  </datafield>
  <datafield tag="700" ind1="1" ind2=" ">
    <subfield code="a">Sileo, M.</subfield>
    <subfield code="9">857</subfield>
  </datafield>
  <datafield tag="700" ind1="1" ind2=" ">
    <subfield code="a">Baumgartner, E.</subfield>
    <subfield code="9">858</subfield>
  </datafield>
  <datafield tag="700" ind1="1" ind2=" ">
    <subfield code="a">Crubellati, R.</subfield>
    <subfield code="9">859</subfield>
  </datafield>
  <datafield tag="700" ind1="1" ind2=" ">
    <subfield code="a">Pouchan, M.</subfield>
    <subfield code="9">860</subfield>
  </datafield>
  <datafield tag="700" ind1="1" ind2=" ">
    <subfield code="a">Ben&#xED;tez, C.</subfield>
    <subfield code="9">861</subfield>
  </datafield>
  <datafield tag="700" ind1="1" ind2=" ">
    <subfield code="a">Servant, R.</subfield>
    <subfield code="9">863</subfield>
  </datafield>
  <datafield tag="700" ind1="1" ind2=" ">
    <subfield code="9">862</subfield>
    <subfield code="a">Landau, L. D. </subfield>
    <subfield code="q">(Lev Davidovich), </subfield>
    <subfield code="d">1908-1968.</subfield>
  </datafield>
  <datafield tag="942" ind1=" " ind2=" ">
    <subfield code="c">LIBRO</subfield>
  </datafield>
  <datafield tag="999" ind1=" " ind2=" ">
    <subfield code="c">176</subfield>
    <subfield code="d">176</subfield>
  </datafield>
  <datafield tag="952" ind1=" " ind2=" ">
    <subfield code="0">0</subfield>
    <subfield code="1">0</subfield>
    <subfield code="4">0</subfield>
    <subfield code="7">0</subfield>
    <subfield code="a">UNM</subfield>
    <subfield code="b">UNM</subfield>
    <subfield code="d">2011-10-27</subfield>
    <subfield code="i">205</subfield>
    <subfield code="l">59</subfield>
    <subfield code="m">27</subfield>
    <subfield code="o">540 TEM 278</subfield>
    <subfield code="p">205</subfield>
    <subfield code="q">2019-10-10</subfield>
    <subfield code="r">2019-09-09 00:00:00</subfield>
    <subfield code="s">2019-09-09</subfield>
    <subfield code="t">Ej. C</subfield>
    <subfield code="w">2011-10-27</subfield>
    <subfield code="y">LIBRO</subfield>
  </datafield>
  <datafield tag="952" ind1=" " ind2=" ">
    <subfield code="0">0</subfield>
    <subfield code="1">0</subfield>
    <subfield code="4">0</subfield>
    <subfield code="7">0</subfield>
    <subfield code="a">UNM</subfield>
    <subfield code="b">UNM</subfield>
    <subfield code="d">2018-06-29</subfield>
    <subfield code="e">Compra Eudeba Junio 2018</subfield>
    <subfield code="i">16299</subfield>
    <subfield code="l">15</subfield>
    <subfield code="m">21</subfield>
    <subfield code="o">540 TEM 278</subfield>
    <subfield code="p">16299</subfield>
    <subfield code="r">2024-07-29 00:00:00</subfield>
    <subfield code="s">2024-06-26</subfield>
    <subfield code="t">Ej. 1</subfield>
    <subfield code="w">2018-06-29</subfield>
    <subfield code="y">LIBRO</subfield>
  </datafield>
  <datafield tag="952" ind1=" " ind2=" ">
    <subfield code="0">0</subfield>
    <subfield code="1">0</subfield>
    <subfield code="4">0</subfield>
    <subfield code="7">0</subfield>
    <subfield code="a">UNM</subfield>
    <subfield code="b">UNM</subfield>
    <subfield code="d">2018-06-29</subfield>
    <subfield code="e">Compra Eudeba Junio 2018</subfield>
    <subfield code="i">16300</subfield>
    <subfield code="l">12</subfield>
    <subfield code="m">10</subfield>
    <subfield code="o">540 TEM 278</subfield>
    <subfield code="p">16300</subfield>
    <subfield code="r">2024-07-12 00:00:00</subfield>
    <subfield code="s">2024-06-10</subfield>
    <subfield code="t">Ej. 2</subfield>
    <subfield code="w">2018-06-29</subfield>
    <subfield code="y">LIBRO</subfield>
  </datafield>
  <datafield tag="952" ind1=" " ind2=" ">
    <subfield code="0">0</subfield>
    <subfield code="1">0</subfield>
    <subfield code="4">0</subfield>
    <subfield code="7">0</subfield>
    <subfield code="a">UNM</subfield>
    <subfield code="b">UNM</subfield>
    <subfield code="d">2018-06-29</subfield>
    <subfield code="e">Compra Eudeba Junio 2018</subfield>
    <subfield code="i">16301</subfield>
    <subfield code="l">17</subfield>
    <subfield code="m">21</subfield>
    <subfield code="o">540 TEM 278</subfield>
    <subfield code="p">16301</subfield>
    <subfield code="r">2024-09-12 00:00:00</subfield>
    <subfield code="s">2024-08-22</subfield>
    <subfield code="t">Ej. 3</subfield>
    <subfield code="w">2018-06-29</subfield>
    <subfield code="y">LIBRO</subfield>
  </datafield>
  <datafield tag="952" ind1=" " ind2=" ">
    <subfield code="0">0</subfield>
    <subfield code="1">0</subfield>
    <subfield code="4">0</subfield>
    <subfield code="7">0</subfield>
    <subfield code="a">UNM</subfield>
    <subfield code="b">UNM</subfield>
    <subfield code="d">2018-06-29</subfield>
    <subfield code="e">Compra Eudeba Junio 2018</subfield>
    <subfield code="i">16302</subfield>
    <subfield code="l">18</subfield>
    <subfield code="m">17</subfield>
    <subfield code="o">540 TEM 278</subfield>
    <subfield code="p">16302</subfield>
    <subfield code="r">2024-09-26 00:00:00</subfield>
    <subfield code="s">2024-09-05</subfield>
    <subfield code="t">Ej. 4</subfield>
    <subfield code="w">2018-06-29</subfield>
    <subfield code="y">LIBRO</subfield>
  </datafield>
  <datafield tag="952" ind1=" " ind2=" ">
    <subfield code="0">0</subfield>
    <subfield code="1">0</subfield>
    <subfield code="4">0</subfield>
    <subfield code="7">0</subfield>
    <subfield code="a">UNM</subfield>
    <subfield code="b">UNM</subfield>
    <subfield code="d">2025-04-15</subfield>
    <subfield code="e">Donaci&#xF3;n Alejandra D&#xED;az</subfield>
    <subfield code="i">27144</subfield>
    <subfield code="l">1</subfield>
    <subfield code="o">540 TEM 278</subfield>
    <subfield code="p">27144</subfield>
    <subfield code="r">2025-05-21 00:00:00</subfield>
    <subfield code="s">2025-04-25</subfield>
    <subfield code="t">Ej. 5</subfield>
    <subfield code="w">2025-04-15</subfield>
    <subfield code="y">LIBRO</subfield>
  </datafield>
</record>
